cultivation technique and arthropod in paddy filed in kompong thom and battambang provinces បច្ចេកទេសដាំណុះនិង​​សមាសភាព arthropod លើដាំណាំស្រូវនៅចេត្តកំពុងធំនិងបាត់ដំបង (Record no. 17906)

000 -LEADER
fixed length control field 00617nam a22001217a 4500
040 ## - CATALOGING SOURCE
Transcribing agency RUA
082 ## - DEWEY DECIMAL CLASSIFICATION NUMBER
Classification number AGR KEA 2017 B633 Or.1
245 ## - TITLE STATEMENT
Title cultivation technique and arthropod in paddy filed in kompong thom and battambang provinces បច្ចេកទេសដាំណុះនិង​​សមាសភាព arthropod លើដាំណាំស្រូវនៅចេត្តកំពុងធំនិងបាត់ដំបង
260 ## - PUBLICATION, DISTRIBUTION, ETC. (IMPRINT)
Place of publication RUA
Name of publisher AGR
Year of publication 2017
300 ## - PHYSICAL DESCRIPTION
Number of Pages xiv;55p
Other physical details ill;
Dimensions 29cm;
856 ## - ELECTRONIC LOCATION AND ACCESS
Uniform Resource Identifier https://drive.google.com/file/d/1psq-M-rWi0nOII9WYTf1eAuO4fTNSaqu/view?usp=sharing
942 ## - ADDED ENTRY ELEMENTS (KOHA)
Koha item type AGR
952 ## - LOCATION AND ITEM INFORMATION (KOHA)
Withdrawn status [LOCAL, KOHA] 0
952 ## - LOCATION AND ITEM INFORMATION (KOHA)
Withdrawn status [LOCAL, KOHA] 0
952 ## - LOCATION AND ITEM INFORMATION (KOHA)
Withdrawn status [LOCAL, KOHA] 0
952 ## - LOCATION AND ITEM INFORMATION (KOHA)
Withdrawn status [LOCAL, KOHA] 0
952 ## - LOCATION AND ITEM INFORMATION (KOHA)
Withdrawn status [LOCAL, KOHA] 0
952 ## - LOCATION AND ITEM INFORMATION (KOHA)
Withdrawn status [LOCAL, KOHA] 0
952 ## - LOCATION AND ITEM INFORMATION (KOHA)
Withdrawn status [LOCAL, KOHA] 0
952 ## - LOCATION AND ITEM INFORMATION (KOHA)
Withdrawn status [LOCAL, KOHA] 0
952 ## - LOCATION AND ITEM INFORMATION (KOHA)
Withdrawn status [LOCAL, KOHA] 0
952 ## - LOCATION AND ITEM INFORMATION (KOHA)
Withdrawn status [LOCAL, KOHA] 0
952 ## - LOCATION AND ITEM INFORMATION (KOHA)
Withdrawn status [LOCAL, KOHA] 0
952 ## - LOCATION AND ITEM INFORMATION (KOHA)
Withdrawn status [LOCAL, KOHA] 0
952 ## - LOCATION AND ITEM INFORMATION (KOHA)
Withdrawn status [LOCAL, KOHA] 0
952 ## - LOCATION AND ITEM INFORMATION (KOHA)
Withdrawn status [LOCAL, KOHA] 0
952 ## - LOCATION AND ITEM INFORMATION (KOHA)
Withdrawn status [LOCAL, KOHA] 0
952 ## - LOCATION AND ITEM INFORMATION (KOHA)
Withdrawn status [LOCAL, KOHA] 0
952 ## - LOCATION AND ITEM INFORMATION (KOHA)
Withdrawn status [LOCAL, KOHA] 0
952 ## - LOCATION AND ITEM INFORMATION (KOHA)
Withdrawn status [LOCAL, KOHA] 0
Holdings
Koha item type Shelving location Lost status Permanent Location Current Location Date acquired Full call number
AGRB633 Library Block BLibrary Block B2019-06-19AGR KEA 2017 B633 Or.1
AGRB633 Library Block BLibrary Block B2019-06-19AGR KEA 2017 B633 Or.1
AGRB633 Library Block BLibrary Block B2019-06-19AGR KEA 2017 B633 Or.1
AGRB633 Library Block BLibrary Block B2019-06-19AGR KEA 2017 B633 Or.1
AGRB633 Library Block BLibrary Block B2019-06-19AGR KEA 2017 B633 Or.1
AGRB633 Library Block BLibrary Block B2019-06-19AGR KEA 2017 B633 Or.1
AGRB633 Library Block BLibrary Block B2019-06-19AGR KEA 2017 B633 Or.1
AGRB633 Library Block BLibrary Block B2019-06-19AGR KEA 2017 B633 Or.1
AGRB633 Library Block BLibrary Block B2019-06-19AGR KEA 2017 B633 Or.1
AGRB633 Library Block BLibrary Block B2019-06-19AGR KEA 2017 B633 Or.1
AGRB633 Library Block BLibrary Block B2019-06-19AGR KEA 2017 B633 Or.1
AGRB633 Library Block BLibrary Block B2019-06-19AGR KEA 2017 B633 Or.1
AGRB633 Library Block BLibrary Block B2019-06-19AGR KEA 2017 B633 Or.1
AGRB633 Library Block BLibrary Block B2019-06-19AGR KEA 2017 B633 Or.1
AGRB633 Library Block BLibrary Block B2019-06-19AGR KEA 2017 B633 Or.1
AGRB633 Library Block BLibrary Block B2019-06-19AGR KEA 2017 B633 Or.1
AGRB633 Library Block BLibrary Block B2019-06-19AGR KEA 2017 B633 Or.1
AGRB633 Library Block BLibrary Block B2019-06-19AGR KEA 2017 B633 Or.1
មជ្ឈមណ្ឌលឯការនៃសាកលវិទ្យាល័យភូមិន្ទកសិកម្មចំការដូង

Powered by Koha